<?xml version="1.0" encoding="UTF-8"?>
<collection xmlns="http://www.loc.gov/MARC21/slim">
<record>
  <controlfield tag="001">301890</controlfield>
  <controlfield tag="005">20240928181157.0</controlfield>
  <datafield tag="035" ind1=" " ind2=" ">
    <subfield code="a">G:(GEPRIS)403107288</subfield>
  </datafield>
  <datafield tag="024" ind1="7" ind2=" ">
    <subfield code="a">G:(GEPRIS)403107288</subfield>
    <subfield code="d">403107288</subfield>
  </datafield>
  <datafield tag="040" ind1=" " ind2=" ">
    <subfield code="a">GEPRIS</subfield>
    <subfield code="c">http://gepris.its.kfa-juelich.de</subfield>
  </datafield>
  <datafield tag="150" ind1=" " ind2=" ">
    <subfield code="a">3-E-Maschinen-Getriebeprüfstand</subfield>
    <subfield code="y">2018</subfield>
  </datafield>
  <datafield tag="371" ind1=" " ind2=" ">
    <subfield code="a">Professor Dr.-Ing. Stephan Rinderknecht</subfield>
  </datafield>
  <datafield tag="450" ind1=" " ind2=" ">
    <subfield code="a">DFG project G:(GEPRIS)403107288</subfield>
    <subfield code="w">d</subfield>
    <subfield code="y">2018</subfield>
  </datafield>
  <datafield tag="510" ind1="1" ind2=" ">
    <subfield code="a">Deutsche Forschungsgemeinschaft</subfield>
    <subfield code="0">I:(DE-588b)2007744-0</subfield>
    <subfield code="b">DFG</subfield>
  </datafield>
  <datafield tag="680" ind1=" " ind2=" ">
    <subfield code="a">Das IMS will seine Kernkompetenz im Bereich des Fahrzeugantriebsstrangs in Zukunft weiter ausbauen. Unter anderem soll dies im Rahmen der Verbundforschung Fahrzeug 5.0 mit interdisziplinären Partnern erfolgen. Zwei wesentliche Säulen, in denen das IMS dort vertreten ist, sind der sogenannte softwarebasierte Leichtbau und die realfahrtoptimierten Antriebe. Dabei wird der Fokus zunächst auf den softwarebasierten Leichtbau mit einem Anwendungsfokus in der Getriebeentwicklung gesetzt, da in diesem Bereich bereits umfangreiche Vorarbeiten z. B. mit dem "Online-Lebensdauermonitoring von Getrieben" vorliegen. Den bisherigen Projekten ist gemeinsam, dass sie sehr stark auf einem simulativen Vorgehen basieren und auf Grund der mangelnden Verfügbarkeit von Messergebnissen bislang nur bedingt überprüft werden konnten. Ziel ist es die entwickelten Methoden verstärkt am Realsystem zu überprüfen, um sie weiter zu verbessern und auch für reale Produkte tauglich zu machen. Daher wird die Anschaffung eines 3-E-Maschinen-Getriebeprüfstandes angestrebt. Bei der Auswahl des Prüfstandes wurden insbesondere die Anforderungen für innovative Antriebsstrangs-Konfigurationen wie hybride und rein elektrische Systemen berücksichtigt, die noch unzureichend von den bisherigen Modellierungsansätzen abgedeckt werden. Weiterhin wird es durch den Getriebeprüfstand möglich, in Kombination mit anderen Prüfständen der Hochschule Untersuchungen am kompletten Antriebsstrang durchzuführen und somit neue Forschungspotenziale für die TU Darmstadt zu erschließen.</subfield>
  </datafield>
  <datafield tag="909" ind1="C" ind2="O">
    <subfield code="o">oai:juser.fz-juelich.de:968633</subfield>
    <subfield code="p">authority:GRANT</subfield>
    <subfield code="p">authority</subfield>
  </datafield>
  <datafield tag="980" ind1=" " ind2=" ">
    <subfield code="a">G</subfield>
  </datafield>
  <datafield tag="980" ind1=" " ind2=" ">
    <subfield code="a">AUTHORITY</subfield>
  </datafield>
  <datafield tag="909" ind1="C" ind2="O">
    <subfield code="o">oai:juser.fz-juelich.de:968633</subfield>
  </datafield>
</record>
</collection>